banner koha

Ocorrencia simultanea dos nematoides Meloidogyne arenaria e Meloidogyne javanica em tres especies de plantas no estado do Parana, Brasil [Allium cepa, cebola, Allium fistulosum, cebolinha, Glycine max, soja, Glycine javanica, soja perene, impatiens, planta ornamental] (Registro n. 120652)

MARC details
000 -LÍDER
campo de controle de tamanho fixo 01194nas a2200313 4500
001 - NÚMERO DE CONTROLE
campo de controle BR8705063
003 - IDENTIFICADOR DO NÚMERO DE CONTROLE
campo de controle BR-BrBNA
005 - DATA E HORÁRIO DA ÚLTIMA TRANSAÇÃO
campo de controle 20231205090744.0
007 - CAMPO FIXO DE DESCRIÇÃO FÍSICA--INFORMAÇÃO GERAL
campo de controle de tamanho fixo ta
008 - CAMPO DE DADOS FIXOS--INFORMAÇÃO GERAL
campo de controle de tamanho fixo 230509b bl.|||p| |||| 00| 00por d
040 ## - FONTE DA CATALOGAÇÃO
Instituição da catalogação original BR-BrBNA
Idioma da catalogação por
Instituição que transcreveu o registro Biblioteca Nacional de Agricultura
041 ## - CÓDIGO DE IDIOMA
Código do idioma do texto/trilha sonora ou título diferente (Pt)
072 ## - CÓDIGO DE CATEGORIA DE ASSUNTO
Código de Categoria de Assunto H10
100 1# - ENTRADA PRINCIPAL--NOME PESSOAL
Nome pessoal Santos, B.B. dos
100 1# - ENTRADA PRINCIPAL--NOME PESSOAL
Nome pessoal Pivatto, A.
100 1# - ENTRADA PRINCIPAL--NOME PESSOAL
Nome pessoal Gazzalle, L.O.
245 1# - TÍTULO
Título Ocorrencia simultanea dos nematoides Meloidogyne arenaria e Meloidogyne javanica em tres especies de plantas no estado do Parana, Brasil [Allium cepa, cebola, Allium fistulosum, cebolinha, Glycine max, soja, Glycine javanica, soja perene, impatiens, planta ornamental]
246 1# - FORMA VARIANTE DO TÍTULO
Título/título abreviado Simultaneous occurrence of nematodes Meloidogyne arenaria and Meloidogyne javanica in three species of plants in Parana state, Brazil
650 ## - ASSUNTO--TERMO TÓPICO
Cabeçalho tópico ou nome geográfico NEMATOIDE
650 ## - ASSUNTO--TERMO TÓPICO
Cabeçalho tópico ou nome geográfico CEBOLA
650 ## - ASSUNTO--TERMO TÓPICO
Cabeçalho tópico ou nome geográfico CEBOLINHA
650 ## - ASSUNTO--TERMO TÓPICO
Cabeçalho tópico ou nome geográfico SOJA
650 ## - ASSUNTO--TERMO TÓPICO
Cabeçalho tópico ou nome geográfico SOJA PERENE
650 ## - ASSUNTO--TERMO TÓPICO
Cabeçalho tópico ou nome geográfico PLANTA ORNAMENTAL
650 ## - ASSUNTO--TERMO TÓPICO
Cabeçalho tópico ou nome geográfico PARANÁ
773 0# - ENTRADA ANALÍTICA
Título Revista de Agricultura (Brazil)
ISSN - International Standard Serial Number ISSN 0034-7655
Partes relacionadas (Oct 1986), v. 61(2) p. 115-118
Número de controle do registro BR8705063
909 ## -
-- 202311
-- Lúcia
-- 55
-- Lúcia Elande
942 ## - ELEMENTOS DE ENTRADA ADICIONADOS (KOHA)
Fonte da classificação ou esquema de arquivamento na estante Classificação AGRIS
Ocultar no OPAC Não
Tipo de material Koha Analítica
Exemplares
Situação do descarte Fonte da classificação ou esquema de arquivamento na estante Situação física Não pode ser emprestado Biblioteca de origem Biblioteca atual Localização na estante Enumeração do periódico / cronologia Total de empréstimos Data de último acesso Número do exemplar Tipo de material Koha Fonte de aquisição
  Classificação AGRIS   Consulta local Biblioteca Nacional de Agricultura - Binagri Biblioteca Nacional de Agricultura - Binagri   (Oct 1986), v. 61(2) p. 115-118   29/11/2023 01 Periódicos Portaria Interministerial nº 164/94

BINAGRI

Telefone: (61)3218-2567/2388/3357/2097 - binagri@agro.gov.br

Ministério da Agricultura e Pecuária , Esplanada dos Ministérios, Bloco D, Anexo B, Brasília/DF, CEP: 70.043-900